01088nam a2200265 i 450000100060000000300080000600500170001400800390003103500190007004000320008904100080012108200270012910000440015624501470020026000450034730000540039249000280044650000580047465100520053270000350058473000280061994200120064799900170065995201460067632682BD-RjUL20211209051859.0140428s1975 ii af 000 0 eng a(BD-RjUL)32772 aDLCcDLCdDLCdBD-RjULbeng aeng00a294.5922219bOMG 19751 aOman, John Campbell.d1841-1911.99941214aThe great Indian epics :bthe stories of the Ramayana and the Mahabharata, with notes, appendices, and illustrations /cby John Campbell Oman. aDelhi :bIndian Reprint Pub. Co.,c1975. ax, 256 p., [5] leaves of plates :bill. ;c23 cm.0 aBohn's standard library aReprint of the 1899 ed. published by G. Bell, London. 0aIndiaxSocial life and customsxFiction.9239400 aValmiki.tRāmāyana.9994130 aMahābhārata.999414 2ddccBK c32682d32682 00102ddc40718NFICaRUCLbRUCLcReadingd1981-09-15eIndia Int. calg50.00l0o294.5922 OMG 1975r2014-04-27 00:00:00tC-1w2014-04-27yBK